000 00388nam a2200145Ia 4500
008 240729s9999 xx 000 0 und d
022 _a2229-0443
245 0 _aLanguage Testing in Asia
260 _aUnited Kingdom
260 _bSpringerOpen
650 _aLanguage and Literature
856 _uhttps://doaj.org/toc/cd38ad96b7e44babbed6ab9419ca6bc9
942 _2ddc
942 _cDOAJEJ
999 _c74330
_d74330
945 _a1
_bMadushi Gamage
_c1
_dMadushi Gamage